Organizacja usługi prawnej / (Rekord nr 17903)
| 000 -ETYKIETA REKORDU | |
|---|---|
| podpole kontrolne o stałej długości | 00335nam a2200145 i 4500 |
| 001 - NUMER KONTROLNY REKORDU | |
| pole kontrolne | bg |
| 040 ## - ŹRÓDŁO KATALOGOWANIA | |
| Instytucja, która utworzyła rekord | BPK |
| 041 ## - KOD JĘZYKA | |
| Kod języka tekstu | pol |
| 008 - POLE O STAŁEJ DŁUGOŚCI - DANE KONTROLNE | |
| podpole kontrolne o stałej długości | s pl f |000 0 pol |
| 100 1# - NAZWA OSOBOWA | |
| Nazwa osobowa | WENGEREK, Edmund |
| 245 #0 - TYTUŁ/ODPOWIEDZIALNOŚĆ | |
| Tytuł | Organizacja usługi prawnej / |
| Pozostałe elementy strefy tytułu i oznaczenia odpowiedzialności | Edmund Wengerek. |
| 250 ## - STREFA WYDANIA | |
| Oznaczenie wydania | Wyd.2. |
| 260 ## - STREFA ADRESU WYDAWNICZEGO | |
| Miejsce wydania | Warszawa, |
| Data publikacji, dystrybucji/powstania dokumentu | 1978. |
| 856 ## - LOKALIZACJA I DOSTĘP DO ELEKTRONICZNYCH DOKUMENTÓW ZDALNYCH | |
| Link (URL) | http://koha.tu.koszalin.pl/cgi-bin/koha/opac-detail.pl?biblionumber=17903 |
| Tekst linku | Katalog online BPK |
| 942 ## - DODATKOWE ELEMENTY (KOHA) | |
| Typ dokumentu | Książka |
| Wycofany | Status egzemplarza | Uszkodzony | Dostępność | Lokalizacja stała | Lokalizacja bieżąca | Miejsce przechowywania | Sygnatura | Kod kreskowy | Typ dokumentu |
|---|---|---|---|---|---|---|---|---|---|
| Dostępny | Biblioteka Politechniki Koszalińskiej | Biblioteka Politechniki Koszalińskiej | Wypożyczalnia BG | 23566 | 02063003 | Książka | |||
| Dostępny | Biblioteka Politechniki Koszalińskiej | Biblioteka Politechniki Koszalińskiej | Wypożyczalnia BG | 23567 | 01687828 | Książka |
